000
00198 a2200097 4500
001
11194
100
_a
Kochanek, S
245
_a
India
260
_a
_b
Princeton, New jersay
_c
090
_c
8747
_d
8747
942
_a
NUST-CAE
_c
M
_c
35541
999
_c
246267
_d
246267